| 000 | 00701nam a22002417a 4500 | ||
|---|---|---|---|
| 003 | OSt | ||
| 005 | 20220107122818.0 | ||
| 008 | 160714b xxu||||| |||| 00| 0 eng d | ||
| 020 | _a9788131518458 | ||
| 040 | _cIIITMK | ||
| 082 | _a005.74 ADA/D; 1 | ||
| 100 |
_aAdamski, Joseph J. _910089 |
||
| 245 |
_aDatabase management concepts _cJoseph J. Adamski and Philip J. Pratt |
||
| 250 | _a7 | ||
| 260 |
_aNew Delhi, _bCengage Learning India, _c2014. |
||
| 300 | _axv, 415p. | ||
| 500 | _aGifted by Dr. Rajasree M S | ||
| 650 |
_aCOMPUTER SCIENCE _910090 |
||
| 650 |
_aINFORMATION SYSTEMS _910091 |
||
| 650 |
_aDATABASE MANAGEMENT _910092 |
||
| 700 |
_aPratt, Philip J. _910093 |
||
| 942 |
_2ddc _cBK |
||
| 999 |
_c5287 _d5287 |
||